[Event "Las Palmas"]
[Site "?"]
[Date "1996.??.??"]
[Round "?"]
[White "Ivanchuk, V."]
[Black "Karpov, Anatoly"]
[Result "1/2-1/2"]
[WhiteElo "2730"]
[BlackElo "2775"]
[PlyCount "29"]
[EventDate "1996.??.??"]
[Source "ChessBase"]
[SourceDate "1996.10.01"]

1. e4 e6 2. d4 d5 3. Nd2 dxe4 4. Nxe4 Nd7 5. Nf3 Ngf6 6. Nxf6+ Nxf6 7. Bd3 c5 8. dxc5 Bxc5 9. Qe2 Qc7 10. O-O O-O 11. Bg5 b6 12. Ne5 Bb7 13. Bxf6 gxf6 14. Bxh7+ Kxh7 15. Qh5+ 1/2-1/2

[Event "RUS-chT"]
[Site "Tomsk"]
[Date "2001.05.21"]
[Round "8"]
[White "Svidler, Peter"]
[Black "Bareev, Evgeny"]
[Result "1/2-1/2"]
[WhiteElo "2695"]
[BlackElo "2709"]
[PlyCount "39"]
[EventDate "2001.05.13"]
[Source "ChessBase"]
[SourceDate "2001.07.03"]

1. e4 e6 2. d4 d5 3. Nc3 Nf6 4. Bg5 dxe4 5. Nxe4 Nbd7 6. Nxf6+ Nxf6 7. Nf3 c5 8. Bb5+ Bd7 9. Bxd7+ Qxd7 10. Qe2 Be7 11. dxc5 O-O 12. Ne5 Qd5 13. O-O Bxc5 14. Rfe1 Nd7 15. Nf3 Qc6 16. Rad1 Rac8 17. Qd3 Qb6 18. Nd2 Nf6 19. Bxf6 gxf6 20. c3 1/2-1/2

[Event "Reykjavik"]
[Site "?"]
[Date "1991.??.??"]
[Round "?"]
[White "Karpov, An"]
[Black "Speelman, J."]
[Result "1-0"]
[WhiteElo "2730"]
[BlackElo "2630"]
[PlyCount "107"]
[EventDate "1991.??.??"]
[Source "ChessBase"]
[SourceDate "1991.06.01"]

1. e4 e6 2. d4 d5 3. Nd2 dxe4 4. Nxe4 Nd7 5. Nf3 Ngf6 6. Nxf6+ Nxf6 7. Bd3 c5 8. dxc5 Bxc5 9. Qe2 O-O 10. Bg5 Qa5+ 11. c3 Be7 12. Ne5 h6 13. Bh4 Rd8 14. O-O Qc7 15. Rad1 b6 16. Rfe1 Bb7 17. Nxf7 Qc6 18. Be4 Qxe4 19. Qxe4 Rxd1 20. Nxh6+ Kf8 21. Qxe6 Rxe1+ 22. Qxe1 gxh6 23. Bxf6 Bxf6 24. Qe6 Bg7 25. Qd6+ Ke8 26. Qg6+ Kf8 27. Qd6+ Ke8 28. Qc7 Rd8 29. f3 Rd1+ 30. Kf2 Rd2+ 31. Kg1 Rd1+ 32. Kf2 Rd2+ 33. Ke3 Rd7 34. Qb8+ Kf7 35. Qxa7 Re7+ 36. Kf2 Bxf3 37. Qxb6 Bd5 38. Qa5 Re5 39. g3 Bf6 40. Qc7+ Re7 41. Qa5 Re5 42. h4 Be6 43. Qc7+ Kg6 44. a4 Bg4 45. Qc4 h5 46. Qa6 Rf5+ 47. Ke1 Rd5 48. Qb7 Rd7 49. Qb5 Bd8 50. a5 Bc7 51. Kf2 Rf7+ 52. Ke3 Re7+ 53. Kd2 Bxg3 54. Qd3+ 1-0

[Event "Reykjavik op 19th"]
[Site "Reykjavik"]
[Date "2000.04.11"]
[Round "7"]
[White "Short, Nigel D"]
[Black "Kortschnoj, Viktor"]
[Result "1/2-1/2"]
[WhiteElo "2683"]
[BlackElo "2659"]
[PlyCount "67"]
[EventDate "2000.04.05"]
[Source "ChessBase"]
[SourceDate "2000.05.11"]

1. e4 e6 2. d4 d5 3. Nc3 Nf6 4. Bg5 dxe4 5. Nxe4 Nbd7 6. Nxf6+ Nxf6 7. Nf3 h6 8. Bh4 c5 9. c3 a6 10. Ne5 cxd4 11. Qa4+ Bd7 12. Qxd4 Bb5 13. Bxb5+ axb5 14. Qe3 Qd5 15. O-O Qe4 16. Qxe4 Nxe4 17. Rfe1 Nd6 18. a3 Be7 19. Rad1 Rd8 20. Bg3 O-O 21. Kf1 Rfe8 22. Ke2 f6 23. Ng6 Kf7 24. Nxe7 Kxe7 25. f3 Nc4 26. b3 Nd6 27. Rd3 Nf5 28. Bf2 Rxd3 29. Kxd3 Rc8 30. Rc1 Nd6 31. Bb6 Kd7 32. Ba5 h5 33. Bb4 Kc6 34. Re1 1/2-1/2

[Event "FIDE GP"]
[Site "Moscow"]
[Date "2002.06.03"]
[Round "3.3"]
[White "Sutovsky, Emil"]
[Black "Akopian, Vladimir"]
[Result "0-1"]
[WhiteElo "2660"]
[BlackElo "2678"]
[PlyCount "68"]
[EventDate "2002.06.01"]
[Source "ChessBase"]
[SourceDate "2002.09.20"]

1. e4 e6 2. d4 d5 3. Nc3 Nf6 4. Bg5 dxe4 5. Nxe4 Nbd7 6. Nxf6+ Nxf6 7. Nf3 h6 8. Bxf6 Qxf6 9. Bb5+ c6 10. Bd3 Bd6 11. Qe2 Bd7 12. O-O O-O 13. Ne5 Rad8 14. f4 g6 15. Rf3 c5 16. Raf1 cxd4 17. Rh3 Qg7 18. Rg3 Be8 19. Qe4 f5 20. Qxd4 Qc7 21. Nxg6 Bxg6 22. Rxg6+ Kh7 23. Rxh6+ Kxh6 24. Rf3 Qc5 25. Rh3+ Kg6 26. Rg3+ Kf7 27. Rg7+ Ke8 28. Qxc5 Bxc5+ 29. Kf1 Rf7 30. Rg6 Ke7 31. h4 Bd4 32. b3 Rg7 33. Rh6 Rg4 34. Rh7+ Bg7 0-1

[Event "Reykjavik"]
[Site "?"]
[Date "1991.??.??"]
[Round "?"]
[White "Karpov, Anatoly"]
[Black "Speelman, Jonathan S"]
[Result "1-0"]
[WhiteElo "2725"]
[BlackElo "2610"]
[PlyCount "22"]
[EventDate "1991.??.??"]
[Source "www.chesslib.no"]
[SourceDate "2004.05.04"]

1. e4 e6 2. d4 d5 3. Nd2 dxe4 4. Nxe4 Nd7 5. Nf3 Ngf6 6. Nxf6+ Nxf6 7. Bd3 c5 8. dxc5 Bxc5 9. Qe2 O-O 10. Bg5 Qa5+ 11. c3 Be7 1-0

[Event "Gjovik m"]
[Site "Gjovik"]
[Date "1991.??.??"]
[Round "3"]
[White "Karpov, Anatoly"]
[Black "Agdestein, Simen"]
[Result "1/2-1/2"]
[WhiteElo "2730"]
[BlackElo "2590"]
[PlyCount "176"]
[EventDate "1991.07.??"]
[Source "ChessBase"]

1. e4 e6 2. d4 d5 3. Nc3 Nc6 4. e5 b6 5. f4 Bb7 6. Nf3 Qd7 7. a3 Nh6 8. Bb5 f5 9. Bd2 Be7 10. h3 a6 11. Bd3 a5 12. Be3 Ba6 13. Bxa6 Rxa6 14. Qd3 Ra8 15. b3 Na7 16. O-O O-O 17. Rfd1 b5 18. a4 b4 19. Na2 Rfb8 20. Rac1 Rb6 21. Kh2 Qc8 22. c4 bxc3 23. Rxc3 Qb7 24. Qc2 Nc6 25. Ne1 Bb4 26. Nxb4 Nxb4 27. Qe2 Nf7 28. Rdc1 Na6 29. Rb1 Nb4 30. Bf2 Nd8 31. Qh5 Ndc6 32. Nf3 g6 33. Qg5 Qc8 34. Bh4 Qd7 35. Qg3 Rab8 36. Qf2 Kf8 37. Bf6 Qf7 38. Qh4 h5 39. Rbc1 Ke8 40. Qf2 Kd7 41. Qe2 Kc8 42. Bh4 Qe8 43. Be1 Na6 44. Qc2 Nab4 45. Qf2 Kb7 46. Nh4 Qf7 47. Rd1 Na6 48. Qg3 Rg8 49. Qg5 Nab4 50. Nf3 Qe8 51. Rd2 Na6 52. Bh4 Ncb8 53. Rdc2 Nc6 54. Qg3 Ncb4 55. Re2 Rc6 56. Qe1 Rxc3 57. Qxc3 Qc6 58. Qe3 Nc2 59. Qd2 Ncb4 60. Bf2 Ka7 61. Re3 Kb7 62. Rc3 Qb6 63. Be3 Nc6 64. Qf2 Ncb4 65. Qe2 Nc6 66. Bf2 Kc8 67. Ng5 Re8 68. Nh7 Rh8 69. Qb5 Nab4 70. Ng5 Kd7 71. Qe2 Rb8 72. Nf3 Qa6 73. Qd1 Na2 74. Re3 Qb6 75. Qd2 Nab4 76. Rc3 Ne7 77. Bh4 Nec6 78. Qf2 Rg8 79. Bf6 Na6 80. Qe2 Nab4 81. Qd2 Na6 82. Bh4 Qb4 83. Qd3 Qb6 84. Be1 Rb8 85. Qe2 Nab4 86. Qd2 Na6 87. Qf2 Nab4 88. Qd2 Na6 1/2-1/2

[Event "Gjovik (m/1)"]
[Site "?"]
[Date "1991.??.??"]
[Round "?"]
[White "Karpov, An"]
[Black "Agdestein, S."]
[Result "0-1"]
[WhiteElo "2730"]
[BlackElo "2590"]
[PlyCount "118"]
[EventDate "1991.??.??"]
[Source "ChessBase"]
[SourceDate "1991.06.01"]

1. e4 e6 2. d4 d5 3. Nc3 Nc6 4. Nf3 Nf6 5. Bd3 Nb4 6. Bg5 Be7 7. e5 Nd7 8. Bxe7 Qxe7 9. O-O O-O 10. Re1 c5 11. dxc5 Nxc5 12. a3 Nc6 13. Qd2 a5 14. Qe3 b6 15. Bb5 Na7 16. Bf1 Nc6 17. Bb5 Na7 18. Rad1 Bd7 19. Bf1 Rac8 20. Rd4 f5 21. exf6 Qxf6 22. b4 axb4 23. axb4 Nb7 24. Ba6 Nc6 25. Ne4 Qe7 26. Neg5 Nxd4 27. Nxd4 Rb8 28. Ngxe6 Bxe6 29. Nc6 Qd6 30. Nxb8 Nd8 31. Qe5 Qxb4 32. Nc6 Nxc6 33. Qxe6+ Kh8 34. Bd3 Qc5 35. Qe2 Nb4 36. Rd1 Rc8 37. Rd2 Qc3 38. g3 Nxd3 39. cxd3 b5 40. Rb2 b4 41. Qe6 Rf8 42. Qd6 Re8 43. Re2 Rg8 44. Qxd5 h6 45. Kg2 b3 46. h4 Rb8 47. Qd6 Qc8 48. Rb2 Qb7+ 49. Kh2 Re8 50. d4 Qf3 51. Qb4 Re2 52. Rxe2 Qxe2 53. Qf8+ Kh7 54. Qf5+ Kg8 55. d5 Qc2 56. Qf3 b2 57. d6 b1=Q 58. d7 Qbd1 59. Qa8+ Kh7 0-1

[Event "Donetsk Match"]
[Site "Donetsk"]
[Date "2001.01.22"]
[Round "7"]
[White "Ponomariov, Ruslan"]
[Black "Kortschnoj, Viktor"]
[Result "1/2-1/2"]
[WhiteElo "2677"]
[BlackElo "2639"]
[PlyCount "147"]
[EventDate "2001.01.16"]
[Source "ChessBase"]
[SourceDate "2001.03.20"]

1. e4 e6 2. d4 d5 3. Nc3 Nf6 4. Bg5 dxe4 5. Nxe4 Nbd7 6. Nxf6+ Nxf6 7. Nf3 h6 8. Bh4 c5 9. Be2 cxd4 10. Qxd4 Qxd4 11. Nxd4 Bc5 12. Nb3 Bd6 13. Bf3 Ke7 14. Bg3 Bxg3 15. hxg3 a5 16. O-O-O Ra7 17. Rhe1 Bd7 18. Nd4 g6 19. Re3 a4 20. Rc3 Rc8 21. Rxc8 Bxc8 22. Nb5 Ra6 23. Rd4 Bd7 24. Nc3 b5 25. a3 Ne8 26. Be2 Nd6 27. Rb4 Ra5 28. Kd2 Bc6 29. Bf1 h5 30. Ke3 e5 31. f4 Ke6 32. Kf2 Kf6 33. Be2 Ke6 34. Bd3 Kf6 35. g4 hxg4 36. fxe5+ Kxe5 37. Rxg4 Bd7 38. Rg3 Ra7 39. Re3+ Kf6 40. Nd5+ Kg5 41. Re5+ f5 42. Ke3 Bc6 43. Nf4 Ra8 44. Nxg6 Kf6 45. Rc5 Bxg2 46. Nh4 Be4 47. Bxe4 fxe4 48. Rc6 Ke5 49. Ng6+ Kd5 50. Ne7+ Ke6 51. Nf5 Kxf5 52. Rxd6 Re8 53. Rh6 Kg5 54. Rh2 Re7 55. Rf2 Re5 56. Rf4 Rc5 57. c3 Re5 58. Rf8 Re7 59. Rb8 Re5 60. Rb6 Kf5 61. Rd6 Re8 62. Rh6 Kg5 63. Rh1 Re7 64. Rf1 Re8 65. Rf4 Re5 66. Rxe4 Kf5 67. Rxe5+ Kxe5 68. Kd2 Kd6 69. Kc2 Kc6 70. b4 axb3+ 71. Kxb3 Kb7 72. a4 bxa4+ 73. Kxa4 Kc6 74. c4 1/2-1/2

[Event "Match"]
[Site "m"]
[Date "1991.??.??"]
[Round "1"]
[White "Karpov, Anatoly"]
[Black "Agdestein, Simen"]
[Result "0-1"]
[WhiteElo "2725"]
[BlackElo "2590"]
[PlyCount "79"]
[EventDate "1991.??.??"]
[Source "www.chesslib.no"]
[SourceDate "2004.05.04"]

1. e4 e6 2. d4 d5 3. Nc3 Nc6 4. Nf3 Nf6 5. Bd3 Nb4 6. Bg5 Be7 7. e5 Nd7 8. Bxe7 Qxe7 9. O-O O-O 10. Re1 c5 11. dxc5 Nxc5 12. a3 Nc6 13. Qd2 a5 14. Qe3 b6 15. Bb5 Na7 16. Bf1 Nc6 17. Bb5 Na7 18. Rad1 Bd7 19. Bf1 Rac8 20. Rd4 f5 21. b4 axb4 22. axb4 Nb7 23. Ba6 Nc6 24. Ne4 Nxd4 25. Nxd4 Rb8 26. Nc6 Qd6 27. Nxb8 Nd8 28. Nc6 Nxc6 29. Bd3 Qc5 30. Qe2 Nxb4 31. Rd1 Rc8 32. Rd2 Qc3 33. g3 Nxd3 34. cxd3 b5 35. Rb2 b4 36. Kg2 b3 37. h4 Rb8 38. Kh2 Re8 39. d4 Qf3 40. Qc2 0-1

[Event "Match"]
[Site "m"]
[Date "1991.??.??"]
[Round "3"]
[White "Karpov, Anatoly"]
[Black "Agdestein, Simen"]
[Result "1/2-1/2"]
[WhiteElo "2725"]
[BlackElo "2590"]
[PlyCount "75"]
[EventDate "1991.??.??"]
[Source "www.chesslib.no"]
[SourceDate "2004.05.04"]

1. e4 e6 2. d4 d5 3. Nc3 Nc6 4. e5 b6 5. f4 Bb7 6. Nf3 Qd7 7. a3 Nh6 8. Bb5 f5 9. Bd2 Be7 10. h3 a6 11. Bd3 a5 12. Be3 Ba6 13. Bxa6 Rxa6 14. Qd3 Ra8 15. b3 Na7 16. O-O O-O 17. Rfd1 b5 18. a4 b4 19. Na2 Rfb8 20. Rac1 Rb6 21. Kh2 Qc8 22. c4 Qb7 23. Qc2 Nc6 24. Ne1 Nf7 25. Rb1 g6 26. Qf2 Kf8 27. Qh4 h5 28. Rbc1 Ke8 29. Qf2 Kd7 30. Qe2 Kc8 31. Qc2 Bh4 32. Qc3 Bf2 33. Bxf2 Ng5 34. Nxb4 Kd7 35. Nf3 Qa6 36. Na2 Ne7 37. Bh4 Nc6 38. Nb4 1/2-1/2

[Event "Essen 84/229"]
[Site "?"]
[Date "2002.??.??"]
[Round "?"]
[White "Kasimdzhanov, R."]
[Black "Korchnoi, V."]
[Result "1-0"]
[WhiteElo "2674"]
[BlackElo "2635"]
[PlyCount "67"]
[EventDate "2002.??.??"]
[Source "Chess Informant"]
[SourceDate "2002.02.01"]

1. e4 e6 2. d4 d5 3. Nc3 Nf6 4. Bg5 dxe4 5. Nxe4 Nbd7 6. Nxf6+ Nxf6 7. Nf3 c5 8. Bc4 Qa5+ 9. c3 Be7 10. O-O O-O 11. Re1 h6 12. Bh4 Rd8 13. Qe2 cxd4 14. Nxd4 Bd7 15. Rad1 Kh8 16. Rd3 Ng8 17. Bg3 Rac8 18. Rf3 Bf6 19. Bd3 Qd5 20. Be4 Qxa2 21. Bb1 Qd5 22. Qd3 g6 23. Rxf6 Nxf6 24. Be5 Kg7 25. Qg3 Qc5 26. Re3 Bc6 27. Bxg6 fxg6 28. Bxf6+ Kh7 29. Bxd8 Rxd8 30. Rxe6 Qg5 31. Qxg5 hxg5 32. Re7+ Kh6 33. h3 Bd5 34. Nc2 1-0

[Event "Hoogovens Tournament Wijk aan"]
[Site "Hoogovens Tournament Wijk aan"]
[Date "1995.??.??"]
[Round "1"]
[White "Short, Nigel D"]
[Black "Dreev, Alexey S"]
[Result "0-1"]
[WhiteElo "2655"]
[BlackElo "2650"]
[PlyCount "79"]
[EventDate "1995.??.??"]
[Source "www.chesslib.no"]
[SourceDate "2004.05.04"]

1. e4 e6 2. d4 d5 3. Nc3 Be7 4. Bd3 dxe4 5. Nxe4 Nf6 6. Nf3 Nbd7 7. c3 c5 8. Nxc5 Bxc5 9. dxc5 Nxc5 10. Be2 Qxd1+ 11. Kxd1 b6 12. Ne5 Bb7 13. f3 Ke7 14. Kc2 Rhd8 15. Re1 Nd5 16. Bd2 Rac8 17. Rad1 f6 18. Nc4 Ba6 19. b3 Na4 20. f4 g6 21. g4 Nc5 22. Nb2 Bxe2 23. Rxe2 f5 24. gxf5 gxf5 25. c4 Ne4 26. Nd3 b5 27. Ne5 bxc4 28. bxc4 Nxd2 29. Rdxd2 Nxf4 30. Rxd8 Kxd8 31. Rd2+ Ke7 32. Kc3 Rc7 33. a4 Ng6 34. Nf3 Kf6 35. Rd6 Nf8 36. a5 Nd7 37. Nd4 Nc5 38. Kb4 Ke5 39. Nb5 a6 40. Rd5+ 0-1

[Event "Camp. spagnolo a squadre - Gruppo I"]
[Site "Cala Mayor SPA"]
[Date "2008.09.07"]
[Round "5"]
[White "Kasimdzhanov, R."]
[Black "Graf, A."]
[Result "1/2-1/2"]
[WhiteElo "2679"]
[BlackElo "2621"]
[PlyCount "87"]
[EventDate "2008.09.03"]
[Source "www.chesslib.no"]
[SourceDate "2004.05.04"]

1. e4 e6 2. d4 d5 3. Nc3 Nc6 4. Nf3 Nf6 5. e5 Ne4 6. Ne2 Ne7 7. Ng3 c5 8. Bd3 Qa5+ 9. c3 cxd4 10. Nxd4 Nxg3 11. hxg3 Nc6 12. Nb3 Qc7 13. f4 Bd7 14. Be3 O-O-O 15. Qc2 Kb8 16. O-O-O h6 17. Kb1 Be7 18. Qf2 Rc8 19. g4 Ka8 20. Nd4 Rhd8 21. Rhe1 Nxd4 22. Bxd4 Bc5 23. Bc2 Bxd4 24. Rxd4 Bb5 25. Qd2 Kb8 26. Rd1 Re8 27. Bb3 Qe7 28. g3 Rc5 29. Qe3 Rec8 30. f5 Re8 31. Qf4 Rcc8 32. Re1 Qc7 33. f6 Rg8 34. fxg7 Rxg7 35. Qxh6 Rcg8 36. Bd1 Rg6 37. Qf4 Rh8 38. Rd2 Rgh6 39. Bf3 Rh2 40. Rxh2 Rxh2 41. Rh1 Bd3+ 42. Kc1 Rxh1+ 43. Bxh1 Bg6 44. Bf3 1/2-1/2

[Event "34. Olympiad"]
[Site "?"]
[Date "2000.11.12"]
[Round "14"]
[White "Short Nigel D"]
[Black "Huebner Robert"]
[Result "1/2-1/2"]
[WhiteElo "2677"]
[BlackElo "2615"]
[PlyCount "125"]
[EventDate "2000.??.??"]
[Source "www.chesslib.no"]
[SourceDate "2004.05.04"]

1. e4 e6 2. d4 d5 3. Nc3 Nf6 4. Bg5 dxe4 5. Nxe4 Nbd7 6. Nxf6+ Nxf6 7. Nf3 h6 8. Bh4 c5 9. Bc4 cxd4 10. O-O Be7 11. Re1 O-O 12. Bb3 b6 13. Nxd4 Bb7 14. c3 Ne4 15. Bxe7 Qxe7 16. Qg4 Nc5 17. Bc2 Qg5 18. h3 Rfd8 19. Re3 Qxg4 20. hxg4 Nd7 21. f3 Nf6 22. Kf2 Rac8 23. Rd1 Ba6 24. Bd3 Bxd3 25. Rexd3 Rd5 26. Nc2 Kf8 27. Ne3 Rxd3 28. Rxd3 Ke7 29. c4 a5 30. b3 Rc5 31. a3 Nd7 32. Rd4 Rc7 33. Ke2 Nc5 34. b4 axb4 35. axb4 Nd7 36. Kd2 Ra7 37. Nc2 g5 38. Kc3 Nf6 39. Rd2 h5 40. Nd4 Rc7 41. gxh5 Nxh5 42. b5 Nf4 43. Nc6+ Kf6 44. g3 Ng6 45. Rd6 g4 46. f4 Kf5 47. c5 bxc5 48. b6 Rb7 49. Na5 Rb8 50. b7 Nxf4 51. Kc4 Ne2 52. Rd7 Nxg3 53. Nc6 Rxb7 54. Rxb7 Ke4 55. Kxc5 f5 56. Re7 Ke3 57. Rxe6+ Ne4+ 58. Kd5 g3 59. Nd4 g2 60. Nxf5+ Kf2 61. Rg6 g1=Q 62. Rxg1 Kxg1 63. Kxe4 1/2-1/2

[Event "Groningen PCA"]
[Site "Groningen"]
[Date "1993.??.??"]
[Round "6"]
[White "Dolmatov, Sergey"]
[Black "Bareev, Evgeny"]
[Result "1/2-1/2"]
[WhiteElo "2630"]
[BlackElo "2660"]
[PlyCount "20"]
[EventDate "1993.12.??"]
[Source "ChessBase"]

1. e4 e6 2. d4 d5 3. Nc3 Nf6 4. Bg5 dxe4 5. Nxe4 Nbd7 6. Nxf6+ Nxf6 7. Nf3 h6 8. Bxf6 Qxf6 9. Bd3 a6 10. Qe2 c5 1/2-1/2

[Event "Yerevan (ol)"]
[Site "?"]
[Date "1996.??.??"]
[Round "?"]
[White "Topalov, Veselin"]
[Black "Nogueiras, J."]
[Result "1/2-1/2"]
[WhiteElo "2750"]
[BlackElo "2535"]
[PlyCount "35"]
[EventDate "1996.??.??"]
[Source "ChessBase"]
[SourceDate "1996.06.01"]

1. d4 e6 2. e4 d5 3. Nd2 dxe4 4. Nxe4 Nd7 5. Nf3 Ngf6 6. Nxf6+ Nxf6 7. Bd3 c5 8. dxc5 Bxc5 9. Qe2 Qc7 10. Bd2 O-O 11. O-O-O b6 12. Ne5 Bb7 13. f4 Nd5 14. Kb1 f6 15. Nf3 Nxf4 16. Bxf4 Qxf4 17. Qxe6+ Kh8 18. Rhf1 1/2-1/2

[Event "Bundesliga Playoff 2003-4"]
[Site "?"]
[Date "2004.05.09"]
[Round "16"]
[White "Huebner Robert"]
[Black "Gurevich Mikhail"]
[Result "1/2-1/2"]
[WhiteElo "2603"]
[BlackElo "2672"]
[PlyCount "28"]
[EventDate "2004.??.??"]
[Source "www.chesslib.no"]
[SourceDate "2004.05.04"]

1. e4 e6 2. d4 d5 3. Nc3 Nf6 4. Bg5 dxe4 5. Nxe4 Nbd7 6. Nxf6+ Nxf6 7. Nf3 h6 8. Bxf6 Qxf6 9. Bb5+ c6 10. Bd3 Bd7 11. O-O c5 12. c3 cxd4 13. Nxd4 Bc5 14. Be4 Bxd4 1/2-1/2

[Event "Beijing (open)"]
[Site "?"]
[Date "1997.??.??"]
[Round "?"]
[White "Oll, L."]
[Black "Speelman, J."]
[Result "1/2-1/2"]
[WhiteElo "2645"]
[BlackElo "2630"]
[PlyCount "34"]
[EventDate "1997.??.??"]
[Source "ChessBase"]
[SourceDate "1997.06.01"]

1. e4 e6 2. d4 d5 3. Nd2 dxe4 4. Nxe4 Nd7 5. Nf3 Ngf6 6. Nxf6+ Nxf6 7. Bd3 c5 8. dxc5 Bxc5 9. O-O O-O 10. Bg5 b6 11. Qe2 Bb7 12. Rad1 Qc7 13. Bxf6 gxf6 14. Be4 Bxe4 15. Qxe4 Rfd8 16. c3 Rac8 17. g3 Rd7 1/2-1/2

[Event "Belgique 87/269"]
[Site "?"]
[Date "2003.??.??"]
[Round "?"]
[White "Lutz, Ch"]
[Black "Gurevich, M."]
[Result "1/2-1/2"]
[WhiteElo "2640"]
[BlackElo "2634"]
[PlyCount "123"]
[EventDate "2003.??.??"]
[Source "Chess Informant"]
[SourceDate "2003.02.01"]

1. e4 e6 2. d4 d5 3. Nc3 Nf6 4. Bg5 dxe4 5. Nxe4 Nbd7 6. Nxf6+ Nxf6 7. Nf3 h6 8. Be3 Bd6 9. Bd3 Nd5 10. Bd2 c5 11. dxc5 Bxc5 12. Qe2 a6 13. O-O-O Qc7 14. Kb1 Bd7 15. Ne5 Bc6 16. f4 Bd4 17. Rhe1 O-O-O 18. f5 exf5 19. Bxf5+ Kb8 20. Nxc6+ Qxc6 21. c3 Bf6 22. Be4 Ka8 23. Qf3 Qb5 24. Qf1 Qa4 25. Bc2 Qc6 26. Bb3 Rd7 27. Qc4 Qxc4 28. Bxc4 Rhd8 29. Bb3 b5 30. Bc1 Kb7 31. Rf1 Kc6 32. Rde1 Bg5 33. Bxg5 hxg5 34. Bxd5+ Rxd5 35. Rxf7 Rd2 36. Rxg7 Rxg2 37. Rg6+ Rd6 38. Ree6 Rxe6 39. Rxe6+ Kb7 40. Rh6 g4 41. a3 g3 42. hxg3 Rxg3 43. Ka2 Rg4 44. Rd6 Rf4 45. Kb3 Rg4 46. Rd4 Rg6 47. a4 Kb6 48. Kb4 bxa4 49. Kxa4 Rh6 50. Rg4 Rf6 51. b3 Rh6 52. c4 Rf6 53. Rg5 Rf3 54. Kb4 Kc6 55. Rg6+ Kb7 56. Rd6 Rh3 57. Rg6 Rf3 58. c5 Rf1 59. Rb6+ Ka7 60. Kc4 Rh1 61. Rg6 Kb7 62. Rb6+ 1/2-1/2

[Event "Rotterdam"]
[Site "Rotterdam"]
[Date "1990.??.??"]
[Round "?"]
[White "Short, Nigel D"]
[Black "Kortschnoj, Viktor"]
[Result "1/2-1/2"]
[WhiteElo "2635"]
[BlackElo "2625"]
[PlyCount "69"]
[EventDate "1990.05.??"]
[Source "ChessBase"]

1. e4 e6 2. d4 d5 3. Nc3 Nf6 4. Bg5 dxe4 5. Nxe4 Nbd7 6. Nxf6+ Nxf6 7. Nf3 c5 8. Bxf6 gxf6 9. Bb5+ Bd7 10. Bxd7+ Qxd7 11. Qe2 cxd4 12. O-O-O Bc5 13. Nxd4 O-O-O 14. Nb3 Qc6 15. f4 Bb6 16. g3 Rxd1+ 17. Rxd1 Rd8 18. Rxd8+ Kxd8 19. c3 Ke7 20. Nd2 Qd5 21. b3 f5 22. Kc2 f6 23. a4 Kf7 24. Qh5+ Kg7 25. Qf3 Qxf3 26. Nxf3 Kf7 27. Kd3 Ke7 28. b4 a5 29. Kc4 axb4 30. cxb4 Kd6 31. a5 Bf2 32. b5 h5 33. Nd4 Bxd4 34. Kxd4 e5+ 35. Kc4 1/2-1/2

[Event "Sarajevo 72/282"]
[Site "?"]
[Date "1998.??.??"]
[Round "?"]
[White "Georgiev, Kiril"]
[Black "Kurajica, Bojan"]
[Result "1-0"]
[WhiteElo "2675"]
[BlackElo "2580"]
[PlyCount "75"]
[EventDate "1998.??.??"]
[Source "ChessBase"]
[SourceDate "1998.02.01"]

1. d4 e6 2. e4 d5 3. Nd2 dxe4 4. Nxe4 Nd7 5. g3 Ngf6 6. Nxf6+ Qxf6 7. Bg2 e5 8. Qe2 Qe7 9. dxe5 Qxe5 10. Bf4 Qxe2+ 11. Nxe2 c6 12. O-O-O Bc5 13. Nd4 Bxd4 14. Rxd4 O-O 15. Rhd1 Nf6 16. h3 Re8 17. Bg5 Be6 18. Rb4 Bf5 19. g4 Be4 20. f3 Bg6 21. b3 a5 22. Rxb7 a4 23. Bxf6 axb3 24. Rxb3 gxf6 25. a3 c5 26. Bf1 f5 27. Bc4 fxg4 28. hxg4 Kg7 29. Rd5 Rec8 30. Kb2 Rc7 31. Rc3 f6 32. Bb5 Rac8 33. a4 Bf7 34. Rd6 Be8 35. Re3 Bxb5 36. axb5 c4 37. Kc3 Ra8 38. b6 1-0

[Event "Istanbul TUR"]
[Site "?"]
[Date "2000.10.31"]
[Round "4"]
[White "Tiviakov Sergei"]
[Black "Hodgson Julian ENG"]
[Result "1/2-1/2"]
[WhiteElo "2606"]
[BlackElo "2633"]
[PlyCount "38"]
[EventDate "2000.??.??"]
[Source "www.chesslib.no"]
[SourceDate "2004.05.04"]

1. e4 e6 2. d4 d5 3. Nd2 dxe4 4. Nxe4 Nd7 5. Nf3 Ngf6 6. Nxf6+ Nxf6 7. Bd3 c5 8. dxc5 Bxc5 9. O-O h6 10. Qe2 O-O 11. Bf4 Bd6 12. Ne5 Qc7 13. Rad1 b6 14. Bg3 Rd8 15. c3 Bb7 16. Bb1 Ba6 17. Qxa6 Bxe5 18. Bxe5 Qxe5 19. h3 Qc7 1/2-1/2

[Event "Luzern tt"]
[Site "?"]
[Date "1989.??.??"]
[Round "?"]
[White "Timman, Jan H"]
[Black "Korchnoi, Viktor L"]
[Result "1/2-1/2"]
[WhiteElo "2610"]
[BlackElo "2610"]
[PlyCount "53"]
[EventDate "1989.??.??"]
[Source "www.chesslib.no"]
[SourceDate "2004.05.04"]

1. e4 e6 2. d4 d5 3. Nc3 Nf6 4. Bg5 dxe4 5. Nxe4 Nbd7 6. Nxf6+ Nxf6 7. Nf3 c5 8. Bb5+ Bd7 9. Bxd7+ Qxd7 10. Qe2 Be7 11. O-O-O O-O 12. Kb1 Qc7 13. dxc5 Qxc5 14. Ne5 Rfd8 15. Bxf6 Bxf6 16. Nd7 Qc6 17. Nxf6+ gxf6 18. Qg4+ Kf8 19. Qb4+ Kg7 20. Qg4+ Kf8 21. Qf4 Kg7 22. g3 Rac8 23. c3 Rd5 24. Rxd5 Qxd5 25. Qg4+ Qg5 26. Qd4 Rc5 27. Qe5 1/2-1/2

[Event "Bastia FRA, Corsica Masters 2005"]
[Site "?"]
[Date "2002.11.01"]
[Round "1"]
[White "Izoria Zviad"]
[Black "Gurevich Mikhail"]
[Result "1/2-1/2"]
[WhiteElo "2520"]
[BlackElo "2699"]
[PlyCount "54"]
[EventDate "2002.??.??"]
[Source "www.chesslib.no"]
[SourceDate "2004.05.04"]

1. e4 e6 2. d4 d5 3. Nc3 Nf6 4. Bg5 dxe4 5. Nxe4 Nbd7 6. Nxf6+ Nxf6 7. Nf3 h6 8. Be3 Nd5 9. Qd2 Bb4 10. c3 Bd6 11. O-O-O Bd7 12. Ne5 Qe7 13. Nxd7 Qxd7 14. Kb1 O-O-O 15. Bd3 Kb8 16. g3 Qe7 17. Qe2 Nxe3 18. Qxe3 c5 19. dxc5 Bxc5 20. Qe2 Qf6 21. f4 Rd6 22. Be4 Rhd8 23. Rxd6 Rxd6 24. Rd1 Qd8 25. Rxd6 Qxd6 26. Kc2 Bb6 27. Qd3 Qxd3+ 1/2-1/2

[Event "Luzern 71/289"]
[Site "?"]
[Date "1997.??.??"]
[Round "?"]
[White "Adams, Michael"]
[Black "Nogueiras, Jesus"]
[Result "1/2-1/2"]
[WhiteElo "2680"]
[BlackElo "2535"]
[PlyCount "113"]
[EventDate "1997.??.??"]
[Source "ChessBase"]
[SourceDate "1997.10.01"]

1. e4 e6 2. d4 d5 3. Nd2 dxe4 4. Nxe4 Nd7 5. Nf3 Ngf6 6. Nxf6+ Nxf6 7. c3 h6 8. Bd3 Bd6 9. Qe2 b6 10. Ne5 Bb7 11. Bb5+ Kf8 12. O-O g6 13. Re1 Kg7 14. Bf4 Nh5 15. Bd2 Nf6 16. Rad1 a6 17. Bd3 Qe7 18. c4 Rad8 19. Bc3 Bb4 20. Bxb4 Qxb4 21. Bxg6 fxg6 22. Qc2 Qe7 23. Nxg6 Qf7 24. Nxh8 Kxh8 25. Re3 Rg8 26. Rg3 Rxg3 27. fxg3 Ne4 28. Qe2 Qf6 29. Qe3 Qg5 30. Qf3 Qf6 31. d5 exd5 32. cxd5 Qe5 33. Qf8+ Kh7 34. Qf7+ Kh8 35. Qe6 Qxe6 36. dxe6 Nd6 37. e7 Ne8 38. Rf1 Kg7 39. Rf8 Bc6 40. g4 Nd6 41. b4 Be8 42. Kf2 b5 43. Ke3 Bf7 44. Ra8 Kf6 45. Rxa6 Kxe7 46. Kf4 Bd5 47. g3 Kf6 48. h4 c6 49. Ra7 Nf7 50. a3 Ne5 51. g5+ hxg5+ 52. hxg5+ Ke6 53. Ra8 Ng6+ 54. Kg4 Ne5+ 55. Kf4 Ng6+ 56. Kg4 Ne5+ 57. Kf4 1/2-1/2

[Event "YUG-chT"]
[Site "?"]
[Date "1998.??.??"]
[Round "8"]
[White "Almasi Zoltan"]
[Black "Komarov Dimitri"]
[Result "1/2-1/2"]
[WhiteElo "2630"]
[BlackElo "2580"]
[PlyCount "27"]
[EventDate "1998.??.??"]
[Source "www.chesslib.no"]
[SourceDate "2004.05.04"]

1. e4 e6 2. d4 d5 3. Nc3 Nf6 4. Bg5 dxe4 5. Nxe4 Nbd7 6. Nxf6+ Nxf6 7. Nf3 c5 8. Bb5+ Bd7 9. Bxd7+ Qxd7 10. Qe2 Be7 11. O-O-O O-O 12. dxc5 Qa4 13. Kb1 Bxc5 14. Bxf6 1/2-1/2